00789nam a2200217 i 4500001000700000003000900007005001700016007000300033008004100036100002100077245020700098260003300305300002600338490005300364650001500417700002800432700001500460700002100475830005400496852002100550101616ES-MaACL20250806075141.0t|051021s1925 sp ||||1| spa d1 aMeirowsky, Emil.13aLa sífilis con especial consideración de los órganos internos... /cbajo la dirección de E. Meirowsky y F. Pinkus; con un apéndice del Prof. Dr. A. von Wassemann; traducido por Ignacio Bofill. aBarcelona : bLabor, c1925. aXV, 594 p. ; c24 cm.1 aespecialidades en la medicina práctica ; vVII04aSífilis.1 aWassermann, August von.1 aPinkus, F.1 aBofill, Ignacio.04aLas especialidades en la medicina prácticavVII aES-MaACLjC-6698